|
|
|
|
| LEADER |
00000nam0a2200000 4500 |
| 001 |
303741 |
| 005 |
20231102001631.0 |
| 035 |
|
|
|a (RuTPU)RU\TPU\book\328968
|
| 090 |
|
|
|a 303741
|
| 100 |
|
|
|a 20150904d1970 k y0rusy50 ca
|
| 101 |
0 |
|
|a rus
|
| 102 |
|
|
|a UA
|
| 105 |
|
|
|a a z 001zy
|
| 200 |
1 |
|
|a Многоустойчивые элементы в цифровой измерительной технике
|f Л. С. Ситников
|g Академия наук Украинской ССР (АН УССР), Институт электродинамики (ИЭД)
|
| 210 |
|
|
|a Киев
|c Наукова думка
|d 1970
|
| 215 |
|
|
|a 139 с.
|c ил.
|
| 320 |
|
|
|a Библиогр.: с. 135-137.
|
| 606 |
1 |
|
|a Электроизмерительная техника
|2 stltpush
|3 (RuTPU)RU\TPU\subj\19986
|9 45133
|
| 610 |
1 |
|
|a цифровая измерительная техника
|
| 610 |
1 |
|
|a многоустойчивые элементы
|
| 610 |
1 |
|
|a фазо-импульсные элементы
|
| 610 |
1 |
|
|a счетчики импульсов
|
| 610 |
1 |
|
|a структура
|
| 610 |
1 |
|
|a ввод
|
| 610 |
1 |
|
|a вывод
|
| 610 |
1 |
|
|a информация
|
| 675 |
|
|
|a 621.317.7
|v 3
|
| 700 |
|
1 |
|a Ситников
|b Л. С.
|g Леонид Семенович
|
| 712 |
0 |
2 |
|a Академия наук Украинской ССР (АН УССР)
|b Институт электродинамики (ИЭД)
|c (Киев)
|c (1963-1991)
|2 stltpush
|3 (RuTPU)RU\TPU\col\12436
|
| 801 |
|
1 |
|a RU
|b 63413507
|c 20150904
|
| 801 |
|
2 |
|a RU
|b 63413507
|c 20190225
|g RCR
|
| 942 |
|
|
|c BK
|